[Event "41st IT Bosna 2011"]
[Site "Sarajevo"]
[Date "2011.05.10"]
[Round "7.43"]
[White "Jacimovic, Sara"]
[Black "Banduka, Zeljko"]
[Result "0-1"]
[WhiteElo "1959"]
[BlackElo "2133"]
[PlyCount "96"]
[EventDate "2011.05.03"]

1. e4 e5 2. Nf3 Nc6 3. Bb5 Nf6 4. O-O Nxe4 5. d4 Nd6 6. Bxc6 dxc6 7. Nxe5 Be6
8. c3 Be7 9. Nd2 O-O 10. f4 f6 11. Nd3 b6 12. Nf3 Qd7 13. h3 a5 14. a4 Rfe8 15.
b3 Nf5 16. g4 Ng3 17. Re1 Bd5 18. Bb2 h5 19. Nf2 Bd6 20. c4 Rxe1+ 21. Nxe1 Bf7
22. Qf3 Bxf4 23. Ng2 Bd6 24. c5 Bd5 25. Qd3 hxg4 26. hxg4 bxc5 27. dxc5 Bxc5
28. Qxg3 Rb8 29. Rd1 Bd6 30. Qe3 Rxb3 31. Bc3 Qf7 32. Nh4 Be5 33. Rc1 Qf8 34.
Ng6 Qa3 35. Nxe5 fxe5 36. Rc2 Qa1+ 37. Rc1 Qa3 38. Rc2 Qa1+ 39. Kh2 Qf1 40. Ne4
Rb1 41. Bxe5 Qh1+ 42. Kg3 Rg1+ 43. Kf4 Bxe4 44. Qb3+ Bd5 45. Qb8+ Kh7 46. Bxg7
Qe4+ 47. Kg5 Qxg4+ 48. Kf6 Qe6# 0-1

[Event "41st IT Bosna 2011"]
[Site "Sarajevo"]
[Date "2011.05.10"]
[Round "7.45"]
[White "Hamornik, Jozef"]
[Black "Besirevic, Jasmin"]
[Result "1/2-1/2"]
[WhiteElo "2063"]
[BlackElo "1967"]
[PlyCount "83"]
[EventDate "2011.05.03"]

1. Nf3 Nf6 2. g3 b6 3. Bg2 Bb7 4. b4 g6 5. Bb2 Bg7 6. O-O O-O 7. c4 c5 8. b5 e6
9. d3 d5 10. Nbd2 Nbd7 11. e3 Qc7 12. a4 a5 13. Rc1 Rad8 14. Qe2 Rfe8 15. d4
Qb8 16. Ne5 Nxe5 17. dxe5 Nd7 18. f4 Nf8 19. Nf3 dxc4 20. e4 Rd3 21. Nd2 Red8
22. Nxc4 Qc7 23. Rfd1 Rxd1+ 24. Rxd1 Rxd1+ 25. Qxd1 Nd7 26. Nd6 Bf8 27. Ne8 Qc8
28. Nf6+ Nxf6 29. exf6 c4 30. Bd4 Qd8 31. Qa1 Bb4 32. Kf2 Bc5 33. Ke3 Qxf6 34.
Qc3 e5 35. Bxc5 bxc5 36. Qxe5 Qd8 37. Qc3 Qd1 38. Qxc4 Kg7 39. Qc3+ Kg8 40. Qe5
Qg1+ 41. Kf3 Qd1+ 42. Ke3 1/2-1/2

[Event "41st IT Bosna 2011"]
[Site "Sarajevo"]
[Date "2011.05.10"]
[Round "7.50"]
[White "Uyanik, Mehmet"]
[Black "Lakota, Izet"]
[Result "1-0"]
[WhiteElo "1668"]
[BlackElo "1838"]
[PlyCount "51"]
[EventDate "2011.05.03"]

1. e4 e5 2. Nf3 d6 3. c3 Nf6 4. Bd3 Bg4 5. Bc2 Nc6 6. h3 Bh5 7. O-O h6 8. Re1
Be7 9. d3 Nh7 10. Be3 a6 11. d4 O-O 12. Nbd2 Ng5 13. Bd3 Bf6 14. d5 Nb8 15. c4
Nd7 16. Be2 b6 17. Nxg5 Bxe2 18. Nxf7 Bxd1 19. Nxd8 Ba4 20. Ne6 Rfc8 21. b3 Bc6
22. dxc6 Nb8 23. Rad1 b5 24. c5 Kf7 25. cxd6 cxd6 26. c7 1-0

[Event "41st IT Bosna 2011"]
[Site "Sarajevo"]
[Date "2011.05.11"]
[Round "8.3"]
[White "Predojevic, Borki"]
[Black "Saric, Ivan"]
[Result "1-0"]
[WhiteElo "2617"]
[BlackElo "2637"]
[PlyCount "117"]
[EventDate "2011.05.03"]

1. c4 e6 2. g3 d5 3. Bg2 Nf6 4. Nf3 Be7 5. O-O O-O 6. b3 a5 7. Nc3 c6 8. d4
Nbd7 9. Bb2 b6 10. e4 Ba6 11. Nd2 Rc8 12. Re1 dxe4 13. Ndxe4 b5 14. d5 cxd5 15.
cxd5 exd5 16. Nxd5 Nxd5 17. Qxd5 Rc2 18. Qd4 Nf6 19. Rec1 Qxd4 20. Bxd4 Rxc1+
21. Rxc1 Nxe4 22. Bxe4 Rc8 23. Rxc8+ Bxc8 24. Bc6 b4 25. Bb6 Bf5 26. Bxa5 Bb1
27. Bb6 Bxa2 28. Bd5 Bf6 29. Kf1 Bb1 30. Ke2 Bc3 31. Ke3 Bf5 32. Bd4 Be1 33. f3
h5 34. Be4 Be6 35. Ke2 Bxg3 36. hxg3 Bxb3 37. Ke3 Be6 38. Kf4 g6 39. Ke5 g5 40.
f4 gxf4 41. Kxf4 b3 42. Bf3 Kf8 43. Bf6 Ke8 44. Bc6+ Kf8 45. Ba4 Bd5 46. Kg5
Be6 47. Kxh5 Bd5 48. Kg5 Be6 49. Kf4 Bd5 50. Ke3 Bc4 51. Kd2 Be6 52. Kc3 Bd5
53. Bxb3 Be4 54. Kd4 Bc6 55. Ke5 Bd7 56. Kf4 Bc6 57. Kg5 Be4 58. Bb2 Bf3 59.
Kf6 1-0

[Event "41st IT Bosna 2011"]
[Site "Sarajevo"]
[Date "2011.05.11"]
[Round "8.4"]
[White "Lupulescu, Constantin"]
[Black "Parligras, Mircea-Emilian"]
[Result "1/2-1/2"]
[WhiteElo "2638"]
[BlackElo "2626"]
[PlyCount "45"]
[EventDate "2011.05.03"]

1. e4 e5 2. Nf3 Nc6 3. Bb5 a6 4. Ba4 Nf6 5. O-O Be7 6. Re1 b5 7. Bb3 d6 8. c3
O-O 9. h3 Nb8 10. d4 Nbd7 11. Nbd2 Bb7 12. Bc2 Re8 13. Nf1 Bf8 14. Ng3 g6 15.
a4 Bg7 16. Bd3 c6 17. b3 Qc7 18. Bb2 Rad8 19. Qc2 Qb8 20. c4 bxa4 21. Rxa4 exd4
22. Bxd4 c5 23. Bc3 1/2-1/2

[Event "41st IT Bosna 2011"]
[Site "Sarajevo"]
[Date "2011.05.11"]
[Round "8.5"]
[White "Sebenik, Matej"]
[Black "Yilmaz, Mustafa"]
[Result "0-1"]
[WhiteElo "2524"]
[BlackElo "2489"]
[PlyCount "74"]
[EventDate "2011.05.03"]

1. c4 Nf6 2. g3 c6 3. Nf3 d5 4. Bg2 dxc4 5. O-O Nbd7 6. Qc2 Nb6 7. Na3 Be6 8.
Ng5 Bg4 9. f3 Bh5 10. Nxc4 e5 11. d3 Be7 12. Nh3 O-O 13. Nf2 Nxc4 14. Qxc4 Qb6
15. Rb1 Nd5 16. Kh1 Ne3 17. Bxe3 Qxe3 18. Qe4 Qxe4 19. dxe4 f6 20. Rfc1 Bf7 21.
a3 a5 22. Nd3 a4 23. Bh3 Ra5 24. Kg2 Rd8 25. Kf2 Rb5 26. Ke1 Bd6 27. Rc3 Kf8
28. Rbc1 Bc7 29. Rc5 Rb3 30. Kf1 Bb6 31. R5c3 Rb5 32. Nb4 Bb3 33. Rd3 Rxd3 34.
Nxd3 Be3 35. Rc3 Bd4 36. Rc1 c5 37. Bd7 Ra5 0-1

[Event "41st IT Bosna 2011"]
[Site "Sarajevo"]
[Date "2011.05.11"]
[Round "8.6"]
[White "Lenic, Luka"]
[Black "Djukic, Nikola"]
[Result "1/2-1/2"]
[WhiteElo "2637"]
[BlackElo "2486"]
[PlyCount "59"]
[EventDate "2011.05.03"]

1. c4 g6 2. d4 Nf6 3. Nc3 Bg7 4. e4 d6 5. f3 O-O 6. Be3 a6 7. Qd2 Nbd7 8. Nge2
c5 9. Nc1 cxd4 10. Bxd4 Ne8 11. Be3 Ne5 12. Nd5 b5 13. cxb5 axb5 14. Bxb5 Rb8
15. a4 Bd7 16. Bg5 f6 17. Bf4 f5 18. Bxe5 Bxe5 19. Nd3 Bd4 20. N3f4 e5 21. Ne2
fxe4 22. Nxd4 exd4 23. O-O Bxb5 24. axb5 exf3 25. b6 Nf6 26. Qxd4 Nxd5 27.
Qxd5+ Kh8 28. Qd4+ Qf6 29. Qxf6+ Rxf6 30. Rxf3 1/2-1/2

[Event "41st IT Bosna 2011"]
[Site "Sarajevo"]
[Date "2011.05.11"]
[Round "8.7"]
[White "Solak, Dragan"]
[Black "Saric, Ibro"]
[Result "1/2-1/2"]
[WhiteElo "2588"]
[BlackElo "2549"]
[PlyCount "92"]
[EventDate "2011.05.03"]

1. e4 e5 2. Nf3 Nc6 3. Bb5 a6 4. Bxc6 dxc6 5. O-O Qf6 6. d4 exd4 7. Bg5 Qd6 8.
Nxd4 Be7 9. Be3 Nf6 10. f3 c5 11. Ne2 Qc6 12. c4 O-O 13. Nbc3 Re8 14. Qc2 Nd7
15. Nd5 Bd6 16. f4 b5 17. cxb5 axb5 18. Nd4 Qb7 19. Nf5 Bf8 20. Rf3 Ra6 21. Rd1
Nf6 22. Nxf6+ Rxf6 23. Bxc5 Rc6 24. b4 Bxc5+ 25. bxc5 Bxf5 26. exf5 Qa7 27. Re3
Rf8 28. Rd5 Ra6 29. h3 Rxa2 30. Qd3 Qa8 31. Rg3 Ra3 32. Qxa3 Qxd5 33. Qc3 f6
34. Qe3 Kf7 35. Kh2 Re8 36. Rxg7+ Kxg7 37. Qxe8 Qxc5 38. Qd7+ Kh6 39. Kg3 Qe3+
40. Kg4 Qe4 41. Qxc7 Qxg2+ 42. Kh4 Qe4 43. Qd6 Qe1+ 44. Kg4 Qe2+ 45. Kg3 Qe3+
46. Kg4 Qe2+ 1/2-1/2

[Event "41st IT Bosna 2011"]
[Site "Sarajevo"]
[Date "2011.05.11"]
[Round "8.9"]
[White "Al-Sayed, Mohammed"]
[Black "Kovacevic, Aleksandar"]
[Result "1-0"]
[WhiteElo "2485"]
[BlackElo "2575"]
[PlyCount "119"]
[EventDate "2011.05.03"]

1. d4 Nf6 2. c4 e6 3. Nc3 c5 4. d5 exd5 5. cxd5 d6 6. e4 g6 7. f4 Bg7 8. Bb5+
Nfd7 9. a4 O-O 10. Nf3 Na6 11. O-O Nb4 12. Re1 a6 13. Bf1 Re8 14. h3 Rb8 15.
Be3 b6 16. Bf2 Bb7 17. Bg3 Nf6 18. Bh2 Ba8 19. Qd2 Rb7 20. Rad1 Rbe7 21. e5
Nfxd5 22. Bc4 Nc7 23. Qxd6 Qc8 24. Ne4 Bxe4 25. Rxe4 Qb7 26. Re2 Ne6 27. Red2
Qe4 28. Bxe6 Rxe6 29. Qc7 c4 30. Qxf7+ Kxf7 31. Ng5+ Kf8 32. Nxe4 Nd3 33. b3 b5
34. axb5 axb5 35. bxc4 bxc4 36. Nd6 Rxd6 37. exd6 Re6 38. Rxd3 cxd3 39. Rxd3
Bf6 40. Kf2 Ke8 41. Kf3 Kd7 42. f5 Re1 43. fxg6 hxg6 44. Bf4 Be5 45. Bxe5 Rxe5
46. Rd4 Ra5 47. Rg4 Kxd6 48. Rxg6+ Ke7 49. Rc6 Kf7 50. h4 Kg7 51. Kg4 Ra4+ 52.
Kh3 Kh7 53. h5 Rb4 54. g4 Ra4 55. Kh4 Ra5 56. Rc7+ Kg8 57. h6 Rb5 58. g5 Rb6
59. Kh5 Ra6 60. Rc8+ 1-0

[Event "41st IT Bosna 2011"]
[Site "Sarajevo"]
[Date "2011.05.11"]
[Round "8.10"]
[White "Bejtovic, Jasmin"]
[Black "Lafuente, Pablo"]
[Result "0-1"]
[WhiteElo "2413"]
[BlackElo "2555"]
[PlyCount "94"]
[EventDate "2011.05.03"]

1. e4 c6 2. d4 d5 3. Nc3 dxe4 4. Nxe4 Bf5 5. Ng3 Bg6 6. h4 h6 7. Nf3 Nd7 8. h5
Bh7 9. Bd3 Bxd3 10. Qxd3 e6 11. Bd2 Ngf6 12. O-O-O Be7 13. Qe2 Qb6 14. Kb1 c5
15. Bc1 O-O 16. d5 exd5 17. Bxh6 gxh6 18. Nf5 Bd8 19. Nxh6+ Kh7 20. Nxf7 Ne4
21. N7g5+ Nxg5 22. Nxg5+ Bxg5 23. Rxd5 Ne5 24. Qxe5 Bf6 25. Qe4+ Kh8 26. b3 Qb4
27. Qe3 Bg7 28. Rd7 Rae8 29. h6 Bf6 30. Qg3 Re1+ 31. Rd1 Qd4 32. Qg7+ Bxg7 33.
hxg7+ Kxg7 34. Rhxe1 Qxf2 35. Re7+ Rf7 36. Rxf7+ Qxf7 37. g3 Qe6 38. Rd3 Kf6
39. a3 b5 40. Kc1 Qe1+ 41. Kb2 Qe5+ 42. Kb1 Ke7 43. Ka2 c4 44. bxc4 bxc4 45.
Rf3 Qe2 46. Rc3 Kd6 47. a4 Ke5 0-1

[Event "41st IT Bosna 2011"]
[Site "Sarajevo"]
[Date "2011.05.11"]
[Round "8.11"]
[White "Nevednichy, Vladislav"]
[Black "Grandelius, Nils"]
[Result "1/2-1/2"]
[WhiteElo "2542"]
[BlackElo "2541"]
[PlyCount "39"]
[EventDate "2011.05.03"]

1. e4 c5 2. Nf3 e6 3. d3 Nc6 4. g3 d6 5. Bg2 Nf6 6. O-O Be7 7. c3 O-O 8. Re1
Ne5 9. Nxe5 dxe5 10. f4 exf4 11. Bxf4 Nd7 12. e5 Nb6 13. c4 Qd4+ 14. Kh1 Rd8
15. Nc3 Qxd3 16. Qh5 Qg6 17. Qe2 Qd3 18. Qh5 Qg6 19. Qe2 Qd3 20. Qh5 1/2-1/2

[Event "41st IT Bosna 2011"]
[Site "Sarajevo"]
[Date "2011.05.11"]
[Round "8.13"]
[White "Georgiev, Kiril"]
[Black "Can, Emre"]
[Result "1-0"]
[WhiteElo "2656"]
[BlackElo "2487"]
[PlyCount "85"]
[EventDate "2011.05.03"]

1. d4 Nf6 2. Nf3 e6 3. g3 d5 4. Bg2 Be7 5. O-O O-O 6. c4 dxc4 7. Qa4 Bd7 8.
Qxc4 Bc6 9. Nc3 Nbd7 10. Re1 Ne4 11. Qd3 Nxc3 12. bxc3 b6 13. Ng5 Bxg5 14. Bxc6
Bxc1 15. Bxa8 Ba3 16. Bc6 Nf6 17. Rab1 h5 18. Qa6 Bd6 19. Qxa7 e5 20. Bg2 e4
21. e3 h4 22. Qa6 Qe7 23. a4 Ng4 24. Qe2 f5 25. Rb5 hxg3 26. hxg3 c5 27. Rxb6
Qc7 28. Qc4+ Kh8 29. Rxd6 Qxd6 30. Qxc5 Qf6 31. Rb1 Ra8 32. Rb5 Nh6 33. a5 Qg6
34. Qc7 Kh7 35. Rb8 Rxb8 36. Qxb8 Qa6 37. Qd8 Qd3 38. Bf1 Qxc3 39. a6 Qa1 40.
Qd7 Qa5 41. a7 Qa2 42. d5 Qa5 43. Bh3 1-0

[Event "41st IT Bosna 2011"]
[Site "Sarajevo"]
[Date "2011.05.11"]
[Round "8.14"]
[White "Ivanisevic, Ivan"]
[Black "Fauland, Alexander"]
[Result "1/2-1/2"]
[WhiteElo "2648"]
[BlackElo "2478"]
[PlyCount "142"]
[EventDate "2011.05.03"]

1. d4 Nf6 2. c4 e6 3. Nc3 Bb4 4. e3 O-O 5. Nge2 d5 6. a3 Bxc3+ 7. Nxc3 b6 8. b4
c5 9. dxc5 bxc5 10. cxd5 exd5 11. bxc5 Na6 12. Be2 Nxc5 13. O-O Be6 14. Rb1 Rc8
15. Nb5 Nfe4 16. Bb2 a6 17. Nd4 Qa5 18. Nxe6 fxe6 19. Qd4 Rc7 20. Bg4 Re8 21.
Qe5 Rce7 22. Bd4 Nf6 23. Bh3 Nce4 24. Rb6 Kf7 25. Rfb1 Qxa3 26. Bg4 Qa2 27.
R6b2 Qc4 28. h3 Qc7 29. Bxe6+ Kf8 30. Qxc7 Rxc7 31. Bf5 g6 32. Bxe4 Nxe4 33.
Rb6 Rec8 34. Rxa6 Rc1+ 35. Rxc1 Rxc1+ 36. Kh2 Rc2 37. f3 Nd2 38. Kg3 Nf1+ 39.
Kf4 Rxg2 40. Ra7 Nd2 41. Bc5+ Kg8 42. Ke5 Nxf3+ 43. Kf6 h5 44. Rg7+ Kh8 45.
Rxg6 Rxg6+ 46. Kxg6 h4 47. Bd4+ Kg8 48. Kf5 Kf7 49. Kg4 Nh2+ 50. Kxh4 Kg6 51.
Kg3 Nf1+ 52. Kf4 Kh5 53. Bf6 Nd2 54. Ke5 Ne4 55. Be7 Nf2 56. h4 Nd1 57. Kf4 Nf2
58. Bg5 Ne4 59. Ke5 Nc3 60. Kd4 Nd1 61. Bd8 Kg4 62. Kd3 Nf2+ 63. Kd4 Nd1 64.
Bf6 Kh5 65. Be7 Kg4 66. Kd3 Nf2+ 67. Ke2 Ne4 68. Bd8 Ng3+ 69. Kd3 Nf5 70. Bf6
Kh5 71. Ke2 Kg4 1/2-1/2

[Event "41st IT Bosna 2011"]
[Site "Sarajevo"]
[Date "2011.05.11"]
[Round "8.16"]
[White "Popovic, Dusan"]
[Black "Firat, Burak"]
[Result "1-0"]
[WhiteElo "2553"]
[BlackElo "2380"]
[PlyCount "53"]
[EventDate "2011.05.03"]

1. e4 c5 2. Nf3 Nc6 3. Bb5 g6 4. O-O Bg7 5. Re1 Nf6 6. e5 Nd5 7. Nc3 Nc7 8.
Bxc6 dxc6 9. Ne4 Ne6 10. d3 O-O 11. Be3 b6 12. Qd2 f5 13. exf6 exf6 14. Bh6 Ng5
15. Nxf6+ Qxf6 16. Bxg5 Qxb2 17. Bh6 Be6 18. Bxg7 Qxg7 19. c3 Rfe8 20. Ne5 Bf5
21. Qf4 Rad8 22. Re3 Bxd3 23. Rae1 c4 24. Nxd3 Rxe3 25. Qxc4+ Kh8 26. Rxe3 b5
27. Qxc6 1-0

[Event "41st IT Bosna 2011"]
[Site "Sarajevo"]
[Date "2011.05.11"]
[Round "8.17"]
[White "Bandic, Adnan"]
[Black "Rapport, Richard"]
[Result "0-1"]
[WhiteElo "2210"]
[BlackElo "2552"]
[PlyCount "68"]
[EventDate "2011.05.03"]

1. e4 c5 2. Nf3 Nc6 3. d4 cxd4 4. Nxd4 e5 5. Nxc6 bxc6 6. c4 Bc5 7. Qf3 Nf6 8.
Nd2 O-O 9. Bd3 a5 10. O-O a4 11. Rd1 d6 12. h3 Ne8 13. g4 h5 14. Nf1 hxg4 15.
hxg4 Qh4 16. Be2 Nf6 17. Nh2 d5 18. cxd5 cxd5 19. exd5 e4 20. Qg2 Bd6 21. Be3
Rb8 22. Rab1 Re8 23. b3 Bd7 24. Rd2 Rb4 25. Bd1 Rb5 26. Be2 Rxd5 27. Rbd1 Rxd2
28. Rxd2 Bb8 29. g5 Bh3 30. Qh1 Nh5 31. Bf1 Ng3 32. Nf3 Ne2+ 33. Rxe2 Qg4+ 34.
Bg2 exf3 0-1

[Event "41st IT Bosna 2011"]
[Site "Sarajevo"]
[Date "2011.05.11"]
[Round "8.18"]
[White "Berczes, David"]
[Black "Bistric, Faruk"]
[Result "1-0"]
[WhiteElo "2531"]
[BlackElo "2376"]
[PlyCount "64"]
[EventDate "2011.05.03"]

1. d4 f5 2. g3 Nf6 3. Bg2 g6 4. Nf3 Bg7 5. O-O O-O 6. b3 c5 7. Bb2 Na6 8. e3 d6
9. c4 Qe8 10. Nc3 e5 11. dxe5 dxe5 12. e4 Bd7 13. exf5 gxf5 14. Nb5 e4 15. Nd6
Qe7 16. Nh4 Ne8 17. Qd5+ Be6 18. Ndxf5 Qf7 19. Qxe4 Bxf5 20. Nxf5 Qxf5 21. Qxf5
Rxf5 22. Bxg7 Nxg7 23. Bxb7 Nc7 24. Bxa8 Nxa8 25. Rad1 Nb6 26. Rfe1 Kf7 27. Rd8
Ne6 28. Rb8 Ke7 29. Rb7+ Nd7 30. Rxa7 Rf6 31. f4 h5 32. Re5 Kd8 1-0

[Event "41st IT Bosna 2011"]
[Site "Sarajevo"]
[Date "2011.05.11"]
[Round "8.19"]
[White "Kurajica, Bojan"]
[Black "Kamberovic, Senad"]
[Result "1-0"]
[WhiteElo "2531"]
[BlackElo "2272"]
[PlyCount "103"]
[EventDate "2011.05.03"]

1. Nf3 Nf6 2. d4 e6 3. g3 b6 4. Bg2 Bb7 5. c4 Be7 6. O-O O-O 7. b3 Qc8 8. Bb2
d6 9. Nbd2 Ne4 10. d5 Nxd2 11. Nxd2 c5 12. Bh3 Na6 13. e4 Nc7 14. f4 Re8 15.
Qh5 Qd8 16. Qg4 Bf8 17. f5 exf5 18. exf5 f6 19. Rae1 Rxe1 20. Rxe1 Be7 21. Qe2
Kf8 22. Bg4 Bc8 23. h4 Bd7 24. h5 h6 25. Nf3 Be8 26. Nh4 Kf7 27. Ng6 Bf8 28.
Bc1 Kg8 29. Bh3 Bf7 30. Qg4 Kh7 31. Re6 Bxg6 32. fxg6+ Kg8 33. Re2 Be7 34. Qf5
Bf8 35. Re4 a6 36. Bd2 Rb8 37. Bg4 Kh8 38. Kg2 Rb7 39. Kf2 a5 40. Ke2 Ne8 41.
Kd3 Re7 42. Rxe7 Bxe7 43. Qe6 Nc7 44. Qf7 Qe8 45. Bf5 Qxf7 46. gxf7 Bf8 47. Ke4
Be7 48. Bc8 Kh7 49. Kf5 g6+ 50. hxg6+ Kg7 51. Bc3 h5 52. Bd7 1-0

[Event "41st IT Bosna 2011"]
[Site "Sarajevo"]
[Date "2011.05.11"]
[Round "8.20"]
[White "Kadric, Denis"]
[Black "Prohaszka, Peter"]
[Result "0-1"]
[WhiteElo "2376"]
[BlackElo "2547"]
[PlyCount "84"]
[EventDate "2011.05.03"]

1. e4 c6 2. d4 d5 3. Nc3 dxe4 4. Nxe4 Bf5 5. Ng3 Bg6 6. h4 h6 7. Nf3 e6 8. h5
Bh7 9. Bd3 Bxd3 10. Qxd3 Nf6 11. Bf4 Qa5+ 12. Bd2 Qa6 13. c4 Nbd7 14. Qe2 Be7
15. O-O O-O 16. b4 Qa4 17. Rfb1 b5 18. c5 a5 19. bxa5 Bd8 20. Ne5 Nxe5 21. Rb4
Nf3+ 22. Qxf3 Qc2 23. Be3 Nd5 24. Rbb1 Bxa5 25. Rc1 Qa4 26. Ne2 Qa3 27. Rd1 Bc3
28. Rab1 b4 29. Bd2 Bb2 30. Qxa3 bxa3 31. Be1 Ra4 32. Rd3 Rc4 33. Rb3 Re8 34.
Kf1 e5 35. dxe5 Rxe5 36. Rh3 Rxe2 37. Kxe2 Nf4+ 38. Kf3 Nxh3 39. gxh3 Rxc5 40.
Bd2 Rxh5 41. Bc1 Rxh3+ 42. Kg4 Rh1 0-1

[Event "41st IT Bosna 2011"]
[Site "Sarajevo"]
[Date "2011.05.11"]
[Round "8.21"]
[White "Perunovic, Milos"]
[Black "Jakovljevic, Vlado"]
[Result "1-0"]
[WhiteElo "2578"]
[BlackElo "2390"]
[PlyCount "39"]
[EventDate "2011.05.03"]

1. e4 c5 2. Nf3 d6 3. d4 cxd4 4. Nxd4 Nf6 5. Nc3 a6 6. Be2 e6 7. Be3 Qc7 8. f4
Nc6 9. g4 Nxd4 10. Qxd4 e5 11. Qd3 Bxg4 12. Bxg4 Nxg4 13. Nd5 Qd8 14. O-O-O
Nxe3 15. Qxe3 Be7 16. Rhg1 exf4 17. Qxf4 O-O 18. Qh6 g6 19. Rd3 f5 20. Rxg6+
1-0

[Event "41st IT Bosna 2011"]
[Site "Sarajevo"]
[Date "2011.05.11"]
[Round "8.22"]
[White "Nestorovic, Lazar"]
[Black "Dizdarevic, Emir"]
[Result "1-0"]
[WhiteElo "2419"]
[BlackElo "2493"]
[PlyCount "123"]
[EventDate "2011.05.03"]

1. e4 e6 2. d4 d5 3. Nc3 Bb4 4. e5 Ne7 5. a3 Bxc3+ 6. bxc3 c5 7. Qg4 Kf8 8. Bd2
Qc7 9. Bd3 b6 10. Nf3 h6 11. O-O Ba6 12. dxc5 Bxd3 13. cxb6 Bf5 14. Qxf5 axb6
15. Qh5 Kg8 16. Rab1 Nd7 17. Rfe1 Nc5 18. Nd4 Ne4 19. Nb5 Qc6 20. Be3 Nf5 21.
Rb3 Nxe3 22. Rxe3 Qc5 23. Qe2 Ra5 24. Kf1 Nd2+ 25. Qxd2 Rxb5 26. Rb4 g6 27. Qd4
Kg7 28. Qxc5 Rxc5 29. Rxb6 Rc7 30. Ke2 Ra8 31. Rb3 Ra4 32. Kd2 g5 33. f3 h5 34.
Rd3 Rca7 35. Rd4 Rxa3 36. Rxa3 Rxa3 37. c4 dxc4 38. Rxc4 Kg6 39. Rc3 Ra5 40.
Re3 Kf5 41. Re2 h4 42. Kd3 Ra3+ 43. c3 Kf4 44. Re4+ Kf5 45. g4+ Kg6 46. Re2 f6
47. exf6 Kxf6 48. Kd4 Ke7 49. Rf2 Ra1 50. c4 h3 51. Rc2 Ra3 52. Ke4 Ra1 53. c5
Re1+ 54. Kd3 Kd7 55. Kd2 Rg1 56. c6+ Kc7 57. Ke3 e5 58. Rc5 Rg2 59. Rxe5 Rxh2
60. Rxg5 Kxc6 61. Rh5 Kd6 62. Kf4 1-0

[Event "41st IT Bosna 2011"]
[Site "Sarajevo"]
[Date "2011.05.11"]
[Round "8.23"]
[White "Bogut, Zeljko"]
[Black "Terzic, Ilijas"]
[Result "1-0"]
[WhiteElo "2433"]
[BlackElo "2224"]
[PlyCount "77"]
[EventDate "2011.05.03"]

1. e4 e6 2. d4 d5 3. Nd2 c5 4. exd5 exd5 5. Bb5+ Nc6 6. Qe2+ Be7 7. Ngf3 Nf6 8.
dxc5 O-O 9. O-O Re8 10. Nb3 Bxc5 11. Qd1 Bb6 12. Bg5 a6 13. Be2 Bg4 14. h3 Bh5
15. Nfd4 Bxe2 16. Nxe2 d4 17. Nf4 Qd6 18. Nd3 Ne4 19. Bf4 Qd5 20. Re1 a5 21. a4
Rad8 22. Qf3 f5 23. Nd2 Qe6 24. h4 g6 25. b3 Nxd2 26. Bxd2 Qf7 27. h5 Bc7 28.
hxg6 hxg6 29. g3 Be5 30. Bxa5 Rc8 31. Bb6 Bf6 32. a5 Ne5 33. Nxe5 Bxe5 34. Qd3
Bf6 35. Rxe8+ Rxe8 36. Bxd4 Rd8 37. Ra4 Rd5 38. Qe3 f4 39. Qxf4 1-0

[Event "41st IT Bosna 2011"]
[Site "Sarajevo"]
[Date "2011.05.11"]
[Round "8.25"]
[White "Yurtseven, Melih"]
[Black "Dumpor, Atif"]
[Result "1-0"]
[WhiteElo "2050"]
[BlackElo "2383"]
[PlyCount "63"]
[EventDate "2011.05.03"]

1. e4 e5 2. Nf3 Nc6 3. Bb5 Nge7 4. O-O g6 5. c3 Bg7 6. d4 d6 7. Bg5 Bd7 8. dxe5
Nxe5 9. Nxe5 Bxe5 10. Bc4 Bg7 11. f4 f6 12. Bh4 Nc6 13. b4 Qe7 14. Bd5 O-O-O
15. Nd2 g5 16. b5 gxh4 17. bxc6 Bxc6 18. Bxc6 bxc6 19. Qa4 Kd7 20. Nc4 Rb8 21.
Rad1 Rb7 22. e5 Kc8 23. Qxc6 Kb8 24. Rb1 Rb6 25. exd6 Qd8 26. a4 Kc8 27. Nxb6+
axb6 28. d7+ Kb8 29. a5 Ka7 30. axb6+ cxb6 31. Ra1+ Kb8 32. Ra8# 1-0

[Event "41st IT Bosna 2011"]
[Site "Sarajevo"]
[Date "2011.05.11"]
[Round "8.26"]
[White "Spasenovic, Zoran"]
[Black "Rasidovic, Sead"]
[Result "0-1"]
[WhiteElo "2131"]
[BlackElo "2380"]
[PlyCount "85"]
[EventDate "2011.05.03"]

1. d4 e6 2. e4 d5 3. Nc3 Nf6 4. Bg5 Be7 5. e5 Nfd7 6. h4 O-O 7. Bd3 c5 8. Nf3
f5 9. exf6 Nxf6 10. Bxf6 Rxf6 11. Ng5 h6 12. Nh7 Rf4 13. Qh5 Bd7 14. Ne2 Be8
15. Qe5 Bd6 16. Qe3 cxd4 17. Qxe6+ Bf7 18. Qh3 Re4 19. Bxe4 dxe4 20. Ng5 hxg5
21. hxg5 Kf8 22. Qf5 Ke7 23. Qxe4+ Be6 24. O-O-O Nc6 25. f4 Qf8 26. g4 Kd7 27.
f5 Bxa2 28. Nxd4 Re8 29. Qf3 Bc4 30. b3 Ba6 31. Nxc6 bxc6 32. Rxd6+ Kxd6 33.
Qf4+ Kd7 34. Qd4+ Kc8 35. Qxa7 Bb7 36. Qd4 c5 37. Qd1 Bxh1 38. Qxh1 Kc7 39.
Qh2+ Qd6 40. Qf2 Qe5 41. Kb1 Rh8 42. c3 Qxc3 43. Qf4+ 0-1

[Event "41st IT Bosna 2011"]
[Site "Sarajevo"]
[Date "2011.05.11"]
[Round "8.27"]
[White "Sadikovic, Jasmin"]
[Black "Kislik, Erik Andrew"]
[Result "0-1"]
[WhiteElo "2093"]
[BlackElo "2347"]
[PlyCount "62"]
[EventDate "2011.05.03"]

1. e4 e5 2. Nf3 Nc6 3. Bc4 Bc5 4. c3 Nf6 5. d4 exd4 6. cxd4 Bb4+ 7. Bd2 Nxe4 8.
Bxb4 Nxb4 9. Bxf7+ Kxf7 10. Qb3+ d5 11. Qxb4 Rf8 12. O-O Kg8 13. Ne5 Qg5 14.
Qb3 Be6 15. f3 Bh3 16. Qxd5+ Kh8 17. Nf7+ Rxf7 18. Qxg5 Nxg5 19. gxh3 Rd8 20.
Kg2 Rxd4 21. Kg3 Ne4+ 22. Kg2 Rd6 23. Kh1 Kg8 24. a4 Ng5 25. Kg2 Rb6 26. Ra2
Rg6 27. Ra3 Rf5 28. Rd3 Nxh3+ 29. Kh1 Rfg5 30. Rd8+ Kf7 31. Rdd1 Rg1+ 0-1

[Event "41st IT Bosna 2011"]
[Site "Sarajevo"]
[Date "2011.05.11"]
[Round "8.28"]
[White "Sutkovic, Damir"]
[Black "Kruskic, Mirsad"]
[Result "1-0"]
[WhiteElo "2320"]
[BlackElo "2216"]
[PlyCount "83"]
[EventDate "2011.05.03"]

1. d4 Nf6 2. c4 g6 3. Nc3 Bg7 4. e4 d6 5. f3 O-O 6. Be3 e5 7. d5 c6 8. Qd2 cxd5
9. cxd5 a6 10. Bd3 Nh5 11. Nge2 Nd7 12. g4 Nf4 13. Nxf4 exf4 14. Bxf4 Ne5 15.
Be2 b5 16. Bg5 Qb6 17. Bh6 Bd7 18. Bxg7 Kxg7 19. h4 f6 20. h5 g5 21. Nd1 h6 22.
Ne3 Rfc8 23. Kf2 Rc7 24. Rhc1 Rac8 25. Rxc7 Qxc7 26. Rd1 Kf7 27. a3 Ke7 28. Qd4
Qc5 29. Qb4 Qb6 30. Qd2 a5 31. Rc1 Rxc1 32. Qxc1 Qc5 33. Qd2 b4 34. axb4 axb4
35. b3 Nf7 36. Kg2 Nd8 37. Nc2 Qc3 38. Qxc3 bxc3 39. Kf2 Nb7 40. Ke3 Nc5 41.
Bc4 Bc8 42. Kd4 1-0

[Event "41st IT Bosna 2011"]
[Site "Sarajevo"]
[Date "2011.05.11"]
[Round "8.29"]
[White "Banduka, Zeljko"]
[Black "Stojanovic, Dalibor"]
[Result "0-1"]
[WhiteElo "2133"]
[BlackElo "2503"]
[PlyCount "69"]
[EventDate "2011.05.03"]

1. d4 Nf6 2. c4 g6 3. g3 Bg7 4. Bg2 O-O 5. Nf3 d6 6. O-O Nbd7 7. Nc3 e5 8. h3
c6 9. e4 Ne8 10. Bg5 f6 11. Be3 f5 12. Qd2 Qf6 13. exf5 gxf5 14. dxe5 dxe5 15.
Bg5 Qf7 16. b3 Nc7 17. Rad1 Qh5 18. Be7 Re8 19. Bd6 Ne6 20. Rfe1 e4 21. Nh4 Ne5
22. Qe2 Qf7 23. Na4 Nd3 24. Rxd3 exd3 25. Qxd3 Nd4 26. Rxe8+ Qxe8 27. Bc5 Qe5
28. Bf1 b6 29. Ba3 Be6 30. Bb2 Rd8 31. Nf3 Qe4 32. Ng5 Qxd3 33. Bxd3 Bc8 34. h4
h6 35. Nh3 0-1

[Event "41st IT Bosna 2011"]
[Site "Sarajevo"]
[Date "2011.05.11"]
[Round "8.30"]
[White "Tucakovic, Mario"]
[Black "Slingerland, Fred"]
[Result "1-0"]
[WhiteElo "2005"]
[BlackElo "2415"]
[PlyCount "77"]
[EventDate "2011.05.03"]

1. e4 c5 2. Nf3 Nc6 3. d4 cxd4 4. Nxd4 Nf6 5. Nc3 d6 6. Bg5 e6 7. Qd2 a6 8.
O-O-O Bd7 9. f4 b5 10. Nxc6 Bxc6 11. e5 dxe5 12. Qxd8+ Rxd8 13. Rxd8+ Kxd8 14.
fxe5 h6 15. Bxf6+ gxf6 16. exf6 Rg8 17. Be2 Rxg2 18. Rd1+ Kc7 19. Bh5 Be8 20.
h4 Rh2 21. Rd4 Bc5 22. Rg4 Bf2 23. Bxf7 Bxf7 24. Rg7 Bxh4 25. Rxf7+ Kd6 26. Rf8
Rh1+ 27. Kd2 Rf1 28. Ra8 Bxf6 29. Rxa6+ Kd7 30. Ra7+ Kc6 31. Ra6+ Kc5 32. Rxe6
Bxc3+ 33. Kxc3 Rh1 34. Re5+ Kc6 35. b3 h5 36. Kb4 h4 37. Rxb5 h3 38. Rh5 Rh2
39. c4 1-0